Histoire et royauté commençant par la lettre Q - Statistiques

Statistiques générales
  • Ce quiz a été pris 41 fois
  • Le résultat moyen est 7 sur 20
Statistiques - réponses
Indice Réponse % Correct
“Reine” en anglais. Queen
100%
Pays du Golfe Persique dirigé par une monarchie absolue. Qatar
92%
"Le cinquième" en vieux français, titre ayant inspiré le nom de Charles V, empereur du Saint-Empire romain germanique. Quint
85%
Ville bretonne, autrefois sous l'influence des ducs de Bretagne avant son annexion au royaume de France. Quimper
79%
Première dynastie impériale chinois après son unification en 221 av. J.-C. Qin
77%
Capitale de l'Équateur, ancienne cité royale inca. Quito
77%
Ancienne colonie française fondée en 1608 sous Henri IV, puis colonie britannique après la conquête de 1763. Québec
51%
Dernière dynastie impériale de Chine. Qing
36%
Collecteur de taxes pour la couronne dans l’Antiquité ou le Moyen Âge. Quêteur
31%
Palais à Rome, ancienne résidence des rois d'Italie. Quirinal
31%
Chariot antique triomphal, sur deux roues, attelé de quatre chevaux, souvent utilisé par des empereurs ou rois. Quadrige impérial
28%
Alliance formée en 1818 entre cinq grandes puissances européennes après les bouleversements napoléoniens. Quintuple alliance
15%
Ville où l'empereur Maximilien I fut capturé et exécuté, en 1867, marquant la fin du Second Empire mexicain. Querétaro
8%
Sultan d’Oman de 1970 à 2020, connu pour avoir modernisé son pays et préservé ses traditions culturelles. Qabus ibn Saïd
3%
Dynastie ayant régné sur la Perse entre le XVIIIe et le XXe siècle. Qajar
3%
Troisième et dernier roman de la trilogie des “Valois”, relatant les guerres de religions en France et écrit par Alexandre Dumas. Quarante-Cinq
3%
Ville située au Pakistan, influencée par les empires coloniaux britannique et moghol. Quetta
3%
Terme arabe signifiant « palais » ou « château », utilisé dans le monde musulman. Qasr
0%
Première capitale de la dynastie safavide, dont le règne a marqué l'histoire moderne iranienne. Qazvin
0%
Bataille précédant celle de Waterloo en 1815, contribuant à la chute de Napoléon et la restauration des monarchies européennes. Quatre-Bras
0%
Aucun quiz correspondant
Distribution des résultats
% des personnes avec chaque résultat
Percentile par nombre de réponses
Votre historique - résultats
Vous n’avez pas pris ce quiz